Instrumentation: measurement and Analysis / (Record no. 277)

000 -LEADER
fixed length control field 00565nam a2200181Ia 4500
008 - FIXED-LENGTH DATA ELEMENTS--GENERAL INFORMATION
fixed length control field 190805s9999||||xx |||||||||||||| ||und||
020 ## - INTERNATIONAL STANDARD BOOK NUMBER
International Standard Book Number 9780070151277
Terms of availability Rs. 615.00
082 04 - DEWEY DECIMAL CLASSIFICATION NUMBER
Classification number 530.7
Item number N146
100 1# - MAIN ENTRY--PERSONAL NAME
Personal name Nakra, B. C.
245 10 - TITLE STATEMENT
Title Instrumentation: measurement and Analysis /
250 ## - EDITION STATEMENT
Edition statement 3rd ed.
260 ## - PUBLICATION, DISTRIBUTION, ETC. (IMPRINT)
Place of publication, distribution, etc New Delhi :
Name of publisher, distributor, etc McGraw Hill Education India,
Date of publication, distribution, etc 2015
300 ## - PHYSICAL DESCRIPTION
Extent various pagination
Other physical details : ill.
Dimensions ; 24 cm.
650 #0 - SUBJECT ADDED ENTRY--TOPICAL TERM
Topical term or geographic name as entry element Measuring instruments
700 1# - ADDED ENTRY--PERSONAL NAME
Personal name Chaudhary, K. K.
852 ## - LOCATION/CALL NUMBER
Location
942 ## - ADDED ENTRY ELEMENTS (KOHA)
Item type Books
Holdings
Withdrawn status Lost status Damaged status Not for loan Collection code Permanent location Current location Shelving location Date acquired Source of acquisition Cost, normal purchase price Full call number Barcode Date last seen Koha item type Public note
        Physics IMU Kochi Library IMU Kochi Library General Stacks 2017-08-03 Excel Books Pvt. Ltd. 615.00 530.7 N146 BK004504 2019-08-05 Books Gen. Shelf-9, Row-5


Copyright © All Rights Reserved by Indian Maritime University, Kochi Campus.
For any Suggestions/Query Contact to library or Email: library.kochi@imu.ac.in Ph:(0484)-2989402
(Web OPAC Designed by Rudra Ranjan. Maintained by IMU Kochi Library)

Powered by Koha